[Event "VIE-ch (Women)"]
[Site "Hanoi"]
[Date "2024.03.15"]
[Round "8"]
[White "Nguyen, Xuan Nhi"]
[Black "Dang, Le Xuan Hien"]
[Result "1/2-1/2"]
[WhiteElo "1870"]
[BlackElo "1676"]
[PlyCount "44"]
[EventDate "2024.03.11"]
[EventType "swiss"]
[EventRounds "9"]
[EventCountry "VIE"]
[SourceTitle "CB13_2024"]
[SourceDate "2024.03.27"]
[SourceVersion "1"]
[SourceVersionDate "2024.03.27"]
[SourceQuality "1"]

1. d4 d5 2. c4 c6 3. Nf3 Nf6 4. Qc2 e6 5. g3 Be7 6. Bg2 0-0 7. 0-0 Nbd7 8. Nc3 b6 9. e4 Bb7 10. e5 Ne8 11. cxd5 cxd5 12. h4 Rc8 13. Bg5 Bxg5 14. Nxg5 g6 15. Qd3 a5 16. f4 Ng7 17. Bh3 Qe7 18. Rfc1 b5 19. Ne2 Nb6 20. a3 b4 21. Qb3 Rc4 22. Nf3 a4 1/2-1/2

[Event "VIE-ch (Women)"]
[Site "Hanoi"]
[Date "2024.03.11"]
[Round "2"]
[White "Kieu, Bich Thuy"]
[Black "Dang, Le Xuan Hien"]
[Result "0-1"]
[WhiteElo "1945"]
[BlackElo "1676"]
[PlyCount "78"]
[EventDate "2024.03.11"]
[EventType "swiss"]
[EventRounds "9"]
[EventCountry "VIE"]
[SourceTitle "CB13_2024"]
[SourceDate "2024.03.27"]
[SourceVersion "1"]
[SourceVersionDate "2024.03.27"]
[SourceQuality "1"]

1. d4 d5 2. c4 c6 3. Nf3 e6 4. e3 Nf6 5. Nc3 Nbd7 6. Bd3 dxc4 7. Bxc4 b5 8. Bd3 Bb7 9. 0-0 a6 10. e4 c5 11. e5 cxd4 12. Nxb5 Bxf3 13. Qxf3 Nd5 14. Nxd4 Nxe5 15. Qe4 Nxd3 16. Qxd3 Bd6 17. Qe4 0-0 18. Rd1 Nf6 19. Qf3 Qc7 20. h3 Be5 21. Nc6 Rac8 22. Nxe5 Qxe5 23. Qd3 a5 24. a4 h6 25. Qe3 Qf5 26. Qf4 Qc2 27. Rd2 Qb3 28. Kh2 Rfe8 29. Ra3 Qb7 30. Rd1 Rc5 31. Qg3 Nh5 32. Qe3 Rg5 33. Qf3 Qc7+ 34. Kh1 Rf5 35. Qe2 Re5 36. Qg4 Nf6 37. Qf3 Rf5 38. Qe3 Qc2 39. Kg1 Qxd1+ 0-1

[Event "VIE-ch (Women)"]
[Site "Ha Tien"]
[Date "2023.09.16"]
[Round "8"]
[White "Dang, Le Xuan Hien"]
[Black "Le, Thuy An"]
[Result "1/2-1/2"]
[WhiteElo "1548"]
[BlackElo "1796"]
[PlyCount "82"]
[EventDate "2023.09.13"]
[EventType "swiss"]
[EventRounds "9"]
[EventCountry "VIE"]
[SourceTitle "EXT 2024"]
[Source "ChessBase"]
[SourceDate "2023.10.10"]
[SourceVersion "1"]
[SourceVersionDate "2023.10.10"]
[SourceQuality "1"]

1. d4 d5 2. c4 e6 3. Nc3 Be7 4. cxd5 exd5 5. Nf3 c6 6. Qc2 g6 7. Bf4 Bf5 8. Qd2 Bd6 9. Bxd6 Qxd6 10. e3 Nf6 11. Bd3 Bxd3 12. Qxd3 Nbd7 13. 0-0 0-0 14. Rab1 Rfe8 15. Rfc1 Ne4 16. Nd2 Ndf6 17. Ncxe4 dxe4 18. Qe2 Rad8 19. b4 Nd5 20. b5 cxb5 21. Qxb5 Qa3 22. Qb3 Qxb3 23. axb3 f5 24. Nc4 f4 25. Kf1 b5 26. Na3 fxe3 27. fxe3 Nxe3+ 28. Kf2 Nf5 29. Nxb5 e3+ 30. Kg1 Nxd4 31. Nxd4 Rxd4 32. Rc2 Red8 33. Re1 Rd3 34. Rc7 a5 35. Rc5 Ra8 36. Rb5 Rc3 37. g3 Kg7 38. Re2 Rd8 39. Kg2 Rdd3 40. Rxa5 Rxb3 41. Ra7+ Kh6 1/2-1/2

[Event "VIE-chT (Women)"]
[Site "Hanoi"]
[Date "2023.04.20"]
[Round "4"]
[White "Nguyen, Thi Thuy"]
[Black "Dang, Le Xuan Hien"]
[Result "1/2-1/2"]
[WhiteElo "1773"]
[BlackElo "1540"]
[PlyCount "98"]
[EventDate "2023.04.18"]
[EventType "swiss"]
[EventRounds "9"]
[EventCountry "VIE"]
[SourceTitle "EXT 2024"]
[Source "ChessBase"]
[SourceDate "2023.10.10"]
[SourceVersion "1"]
[SourceVersionDate "2023.10.10"]
[SourceQuality "1"]

1. d4 d5 2. Nf3 Nf6 3. c4 c6 4. cxd5 cxd5 5. Nc3 Nc6 6. Bf4 a6 7. e3 Bg4 8. Be2 e6 9. 0-0 Bd6 10. Bg5 0-0 11. Rc1 Rc8 12. Na4 h6 13. Bh4 Qc7 14. Bxf6 gxf6 15. h3 Bh5 16. a3 Kh8 17. Nc5 Rg8 18. Kh1 Qe7 19. Nh2 Bg6 20. Bd3 Bb8 21. f4 Rg7 22. Bxg6 Rxg6 23. Nd3 Rcg8 24. Rc2 e5 25. fxe5 fxe5 26. dxe5 Bxe5 27. Nxe5 Qxe5 28. Rxf7 Nd8 29. Rf3 Ne6 30. Nf1 Qh5 31. Nh2 Qe5 32. Qd3 d4 33. Ng4 Qg7 34. Rf5 dxe3 35. Rc4 Qxb2 36. Nxe3 Rxg2 37. Qc3+ Qxc3 38. Rxc3 R2g3 39. Rh5 Kh7 40. Rxh6+ Kxh6 41. Nf5+ Kh5 42. Nxg3+ Kg5 43. Ne4+ Kf4 44. Nd6 Rg7 45. Rb3 b5 46. a4 bxa4 47. Rb4+ Ke5 48. Rxa4 Kxd6 49. Rxa6+ Ke5 1/2-1/2

[Event "VIE-chT (Women)"]
[Site "Hanoi"]
[Date "2023.04.19"]
[Round "3"]
[White "Dang, Le Xuan Hien"]
[Black "Le, Minh Anh"]
[Result "1-0"]
[WhiteElo "1540"]
[BlackElo "1980"]
[PlyCount "53"]
[EventDate "2023.04.18"]
[EventType "swiss"]
[EventRounds "9"]
[EventCountry "VIE"]
[SourceTitle "EXT 2024"]
[Source "ChessBase"]
[SourceDate "2023.10.10"]
[SourceVersion "1"]
[SourceVersionDate "2023.10.10"]
[SourceQuality "1"]

1. d4 d5 2. c4 e6 3. Nc3 Nf6 4. cxd5 exd5 5. Bg5 Be7 6. e3 0-0 7. Bd3 Nbd7 8. Nge2 b6 9. 0-0 Bb7 10. Rc1 Re8 11. Bf4 c6 12. h3 Bb4 13. Qc2 g6 14. a3 Bf8 15. Rfe1 Nh5 16. Bh2 c5 17. Qd1 a6 18. Bb1 c4 19. Ng3 Nhf6 20. e4 dxe4 21. Ngxe4 Nxe4 22. Bxe4 Bxe4 23. Nxe4 b5 24. Qf3 Qb6 25. Ng5 Rxe1+ 26. Rxe1 Nf6 27. Qxa8 1-0

[Event "VIE-chT (Women)"]
[Site "Hanoi"]
[Date "2023.04.18"]
[Round "1"]
[White "Dang, Le Xuan Hien"]
[Black "Tran, Thi Yen Xuan"]
[Result "0-1"]
[WhiteElo "1540"]
[BlackElo "1914"]
[PlyCount "104"]
[EventDate "2023.04.18"]
[EventType "swiss"]
[EventRounds "9"]
[EventCountry "VIE"]
[SourceTitle "EXT 2024"]
[Source "ChessBase"]
[SourceDate "2023.10.10"]
[SourceVersion "1"]
[SourceVersionDate "2023.10.10"]
[SourceQuality "1"]

1. d4 d5 2. c4 e6 3. Nc3 Nf6 4. cxd5 exd5 5. Bg5 Be7 6. e3 0-0 7. Bd3 c6 8. Qc2 h6 9. Bh4 b6 10. Nge2 Bb7 11. 0-0 Nbd7 12. f3 c5 13. Bf2 Rc8 14. Ng3 Re8 15. Nf5 Bf8 16. Rfe1 g6 17. Ng3 a6 18. a4 Bg7 19. Rac1 Nf8 20. Qb1 Ne6 21. Nge2 Nh7 22. dxc5 bxc5 23. Rcd1 Qa5 24. Bc2 Nf6 25. Na2 Bf8 26. h3 Bc6 27. b3 Rb8 28. Qc1 Bg7 29. Qd2 Qxd2 30. Rxd2 Bf8 31. Red1 Nc7 32. Nac3 Ne6 33. Bh4 g5 34. Bf2 Rb4 35. Nc1 c4 36. N1a2 Rb7 37. bxc4 dxc4 38. e4 Ba3 39. Ne2 Bb2 40. Nac3 Nf4 41. Bd4 Nxe2+ 42. Nxe2 Nd7 43. Bxb2 Rxb2 44. Nd4 Ne5 45. Nxc6 Nxc6 46. Kf2 c3 47. Re2 Nb4 48. Rc1 Rd8 49. Ke3 Kg7 50. a5 Ra2 51. Bb3 Rd3+ 52. Kf2 Rxa5 0-1

[Event "Hanoi op (Women)"]
[Site "Hanoi"]
[Date "2022.08.25"]
[Round "6"]
[White "Bui, Kim Le"]
[Black "Dang, Le Xuan Hien"]
[Result "1/2-1/2"]
[WhiteElo "1969"]
[BlackElo "1410"]
[PlyCount "47"]
[EventDate "2022.08.20"]
[EventType "swiss"]
[EventRounds "9"]
[EventCountry "VIE"]
[SourceTitle "CBM 209 Extra"]
[Source "ChessBase"]
[SourceDate "2022.09.30"]
[SourceVersion "1"]
[SourceVersionDate "2022.09.30"]
[SourceQuality "1"]

1. e4 c5 2. Nf3 d6 3. d4 cxd4 4. Nxd4 Nf6 5. Nc3 a6 6. Bg5 e6 7. Qf3 Be7 8. 0-0-0 Qc7 9. Qg3 Nbd7 10. f4 h6 11. Bxf6 Bxf6 12. Kb1 0-0 13. Qe3 b5 14. g4 Bb7 15. h4 Qc5 16. g5 Bxd4 17. Qxd4 Qxd4 18. Rxd4 hxg5 19. hxg5 Nc5 20. Bg2 e5 21. Rxd6 exf4 22. Nd5 Rfd8 23. Ne7+ Kf8 24. Nf5 1/2-1/2

[Event "VIE-ch U13 Girls"]
[Site "Ho Chi Minh City"]
[Date "2022.07.12"]
[Round "2"]
[White "Dang, Le Xuan Hien"]
[Black "Bui, Thi Kim Khanh"]
[Result "1-0"]
[WhiteElo "2142"]
[BlackElo "2132"]
[PlyCount "123"]
[EventDate "2022.07.11"]
[EventType "swiss"]
[EventRounds "9"]
[EventCountry "VIE"]
[SourceTitle "EXT 2023"]
[Source "ChessBase"]
[SourceDate "2022.10.05"]
[SourceVersion "1"]
[SourceVersionDate "2022.10.05"]
[SourceQuality "1"]

1. d4 d5 2. c4 e6 3. Nc3 Nf6 4. cxd5 exd5 5. Bg5 Be7 6. e3 c6 7. Qc2 Be6 8. Bd3 Nbd7 9. Nge2 h6 10. Bh4 Nb6 11. 0-0 0-0 12. f3 Nfd7 13. Bf2 Bd6 14. e4 f6 15. Qd2 Re8 16. Rfe1 Bf7 17. Ng3 dxe4 18. fxe4 Nf8 19. Nf5 Bg6 20. Nh4 Bh7 21. Rac1 Qb8 22. g3 Qd8 23. Qe2 Kh8 24. Be3 Rc8 25. Nf5 Bg6 26. Rf1 Bxf5 27. Rxf5 Nh7 28. Bb1 Nd7 29. Qc2 Ndf8 30. Rcf1 Rc7 31. e5 g6 32. exd6 Rd7 33. R5f3 Rxd6 34. Bxh6 Rxd4 35. Bxf8 Nxf8 36. Rxf6 Rd6 37. Rxd6 Qxd6 38. Qf2 Qe6 39. Bc2 Nd7 40. Bb3 Qe3 41. Bf7 Qxf2+ 42. Rxf2 Rf8 43. Bxg6 Rxf2 44. Kxf2 Kg7 45. Be4 Kf6 46. g4 Ne5 47. Kg3 Nc4 48. b3 Nd6 49. Kf4 Nf7 50. h4 Kg7 51. g5 Nd6 52. h5 Nf7 53. g6 Nh6 54. Kg5 Ng8 55. Na4 b6 56. Bxc6 Nh6 57. Nc3 Ng8 58. Nb5 Kf8 59. h6 Nxh6 60. Kxh6 Kg8 61. g7 a6 62. Bd5# 1-0

[Event "VIE-ch U13 Girls"]
[Site "Hanoi"]
[Date "2022.06.15"]
[Round "7"]
[White "Dang, Le Xuan Hien"]
[Black "Bui, Thi Ngoc Chi"]
[Result "1/2-1/2"]
[WhiteElo "2149"]
[BlackElo "2155"]
[PlyCount "106"]
[EventDate "2022.06.11"]
[EventType "swiss"]
[EventRounds "9"]
[EventCountry "VIE"]
[SourceTitle "EXT 2023"]
[Source "ChessBase"]
[SourceDate "2022.10.05"]
[SourceVersion "1"]
[SourceVersionDate "2022.10.05"]
[SourceQuality "1"]

1. d4 e6 2. c4 f5 3. Nf3 Nf6 4. g3 Be7 5. Bg2 0-0 6. 0-0 d6 7. Nc3 Ne4 8. Qc2 Nxc3 9. Qxc3 a5 10. Re1 d5 11. a3 c6 12. Ne5 Nd7 13. Bf4 Bf6 14. Red1 a4 15. Rac1 Nb6 16. c5 Nd7 17. Nf3 Re8 18. Qe3 h6 19. h4 Kh7 20. Bd6 b6 21. Ne5 Bxe5 22. dxe5 bxc5 23. Bxc5 Nxc5 24. Qxc5 Bd7 25. Rc2 Ra5 26. Qd6 Ra7 27. Rd4 Qb8 28. Qc5 Qc7 29. Rb4 Rb8 30. Rxb8 Qxb8 31. e3 Qc7 32. Bh3 Ra5 33. Qe7 Ra7 34. f4 Qb6 35. Kf2 Bc8 36. Qc5 Qxc5 37. Rxc5 Bd7 38. Bf1 h5 39. Ke1 Kg8 40. Kd2 Kf8 41. Kc3 Ke7 42. Be2 Be8 43. Bd1 Kd7 44. Kd4 Kc7 45. Kc3 Kb6 46. Kb4 g6 47. Rc1 Ra5 48. Be2 c5+ 49. Kc3 Bb5 50. Bd1 c4 51. Kb4 Be8 52. Rc2 Rb5+ 53. Kc3 Ra5 1/2-1/2

[Event "VIE-ch U13 Girls"]
[Site "Hanoi"]
[Date "2022.06.13"]
[Round "4"]
[White "Huynh, Phuc Minh Phuong"]
[Black "Dang, Le Xuan Hien"]
[Result "1-0"]
[WhiteElo "2134"]
[BlackElo "2149"]
[PlyCount "79"]
[EventDate "2022.06.11"]
[EventType "swiss"]
[EventRounds "9"]
[EventCountry "VIE"]
[SourceTitle "EXT 2023"]
[Source "ChessBase"]
[SourceDate "2022.10.05"]
[SourceVersion "1"]
[SourceVersionDate "2022.10.05"]
[SourceQuality "1"]

1. e4 c5 2. Nf3 e6 3. d4 cxd4 4. Nxd4 a6 5. Bd3 Qc7 6. 0-0 Nf6 7. Qe2 d6 8. c4 b6 9. Nc3 Bb7 10. Kh1 Nbd7 11. f4 Be7 12. Bd2 0-0 13. Rac1 Rac8 14. b4 Qb8 15. a3 Bd8 16. Rce1 Bc7 17. Qf2 Rfe8 18. Qg3 Kh8 19. Nf3 Nf8 20. e5 N6d7 21. Ng5 Kg8 22. f5 Nxe5 23. fxe6 f6 24. Nge4 Bxe4 25. Nxe4 Nfg6 26. h4 Nxd3 27. Qxd3 Kh8 28. h5 Ne5 29. Qh3 Nxc4 30. Bc3 Bd8 31. h6 Ne5 32. hxg7+ Kxg7 33. Bd2 Kh8 34. Nxf6 Bxf6 35. Rxf6 Re7 36. Bg5 Rg8 37. Rf5 Rxe6 38. Bf6+ Rxf6 39. Rxf6 Rg7 40. Ref1 1-0

[Event "Eastern Asia-ch U12 Girls"]
[Site "Tornelo INT"]
[Date "2021.10.22"]
[Round "1"]
[White "Liu, Tian Yi"]
[Black "Dang, Le Xuan Hien"]
[Result "0-1"]
[WhiteElo "1026"]
[BlackElo "1347"]
[PlyCount "96"]
[EventDate "2021.10.22"]
[EventType "swiss"]
[EventRounds "9"]
[EventCountry "NET"]
[SourceTitle "EXT 2023"]
[Source "ChessBase"]
[SourceDate "2022.10.05"]
[SourceVersion "1"]
[SourceVersionDate "2022.10.05"]
[SourceQuality "1"]

1. e4 c5 2. Nf3 e6 3. d4 cxd4 4. Nxd4 a6 5. Nc3 Qc7 6. Be3 b5 7. a3 Bb7 8. Bd3 Nf6 9. 0-0 Be7 10. Qe2 0-0 11. Rae1 d6 12. Kh1 Nbd7 13. f4 Nc5 14. Bd2 Rac8 15. Nf3 Rfe8 16. e5 Nd5 17. Ne4 Nxd3 18. cxd3 Qd7 19. Rc1 Nb6 20. d4 Nc4 21. Bc3 d5 22. Ng3 a5 23. b4 Nxa3 24. bxa5 b4 25. Ba1 Bc6 26. Ng5 h6 27. Qh5 Bd8 28. Nf3 Bxa5 29. f5 Bb5 30. f6 Rxc1 31. Rxc1 Bd3 32. Nh4 Rc8 33. Rg1 Kh7 34. Bb2 g6 35. Qf3 Qb5 36. Bc1 Rc3 37. Nxg6 Bxg6 38. Qf4 Rxc1 39. Rxc1 Nc4 40. h4 h5 41. Qg5 b3 42. Nxh5 Bd2 43. Qg4 Bxc1 44. Nf4 Bxf4 45. Qxf4 b2 46. h5 b1Q+ 47. Kh2 Bxh5 48. Qh4 Qg6 0-1

[Event "VIE-ch (Women)"]
[Site "Ho Chi Minh City"]
[Date "2021.03.29"]
[Round "8"]
[White "Dang, Le Xuan Hien"]
[Black "Tran, Thi Mong Thu"]
[Result "0-1"]
[WhiteElo "1340"]
[BlackElo "1859"]
[PlyCount "112"]
[EventDate "2021.03.24"]
[EventType "swiss"]
[EventRounds "9"]
[EventCountry "VIE"]
[SourceTitle "EXT 2022"]
[Source "ChessBase"]
[SourceDate "2021.10.06"]
[SourceVersion "1"]
[SourceVersionDate "2021.10.06"]
[SourceQuality "1"]

1. d4 d5 2. c4 e6 3. Nc3 Nf6 4. cxd5 exd5 5. Bg5 c6 6. e3 Be7 7. Bd3 0-0 8. Qc2 Nbd7 9. Nf3 Re8 10. 0-0 Nf8 11. h3 Ng6 12. Rab1 a5 13. a3 Ne4 14. Bxe7 Qxe7 15. b4 axb4 16. axb4 Bd7 17. Na4 b5 18. Nb6 Ra6 19. Nxd7 Qxd7 20. Ra1 Rb6 21. Bxe4 dxe4 22. Nd2 f5 23. Qc5 Rb7 24. Rfc1 Ne7 25. Ra6 Qd5 26. Qxd5+ Nxd5 27. Rb1 Rc8 28. Rb3 Re7 29. Nb1 f4 30. Ra2 Rf8 31. Rc2 Rf6 32. Nd2 g5 33. Rc5 h6 34. Rc2 Kf7 35. Rc1 Kg6 36. Re1 Rfe6 37. Rc1 Ra7 38. Rc2 Ra1+ 39. Nf1 Rf6 40. exf4 gxf4 41. g3 f3 42. Rcb2 Rd1 43. Rd2 Rc1 44. Rdb2 Rc4 45. Ne3 Rxd4 46. Ng4 Re6 47. Rb1 h5 48. Nh2 Nb6 49. Re1 Rf6 50. g4 h4 51. Nf1 Nd5 52. Reb1 Nf4 53. Kh2 Rfd6 54. Ne3 Rd2 55. Rf1 R6d3 56. Rxd3 Nxd3 0-1

[Event "VIE-ch (Women)"]
[Site "Ho Chi Minh City"]
[Date "2021.03.28"]
[Round "6"]
[White "Dang, Le Xuan Hien"]
[Black "Nguyen, Xuan Nhi"]
[Result "0-1"]
[WhiteElo "1340"]
[BlackElo "1847"]
[PlyCount "44"]
[EventDate "2021.03.24"]
[EventType "swiss"]
[EventRounds "9"]
[EventCountry "VIE"]
[SourceTitle "EXT 2022"]
[Source "ChessBase"]
[SourceDate "2021.10.06"]
[SourceVersion "1"]
[SourceVersionDate "2021.10.06"]
[SourceQuality "1"]

1. d4 Nf6 2. c4 g6 3. Nc3 Bg7 4. e4 d6 5. h3 0-0 6. Nf3 e5 7. d5 c6 8. g4 cxd5 9. cxd5 Ne8 10. Rg1 Kh8 11. h4 f5 12. gxf5 gxf5 13. exf5 Bxf5 14. Bd3 e4 15. Nxe4 Qa5+ 16. Ke2 Qxd5 17. Nfd2 Nc6 18. Bb1 Qe6 19. Kf1 Bh3+ 20. Rg2 Bd4 21. Nf3 Qg4 22. Ng3 Qxf3 0-1

[Event "VIE-ch (Women)"]
[Site "Ho Chi Minh City"]
[Date "2021.03.27"]
[Round "5"]
[White "Le, Thi Thu Huong"]
[Black "Dang, Le Xuan Hien"]
[Result "0-1"]
[WhiteElo "2002"]
[BlackElo "1340"]
[PlyCount "102"]
[EventDate "2021.03.24"]
[EventType "swiss"]
[EventRounds "9"]
[EventCountry "VIE"]
[SourceTitle "EXT 2022"]
[Source "ChessBase"]
[SourceDate "2021.10.06"]
[SourceVersion "1"]
[SourceVersionDate "2021.10.06"]
[SourceQuality "1"]

1. d4 d5 2. Nf3 Nf6 3. e3 Bf5 4. b3 e6 5. Bb2 Bd6 6. Bd3 Bg6 7. Nbd2 Bxd3 8. cxd3 c5 9. dxc5 Bxc5 10. Rc1 Bd6 11. Nd4 a6 12. 0-0 Nbd7 13. f4 h5 14. Rf3 Rg8 15. Qe2 Rc8 16. Rxc8 Qxc8 17. e4 dxe4 18. dxe4 Bb8 19. h3 Qc5 20. a3 Bxf4 21. Rxf4 e5 22. Rf5 g6 23. b4 Qa7 24. Rf2 exd4 25. e5 Nh7 26. e6 Ndf6 27. exf7+ Kxf7 28. Qc4+ Kg7 29. Bxd4 Qb8 30. Ne4 Rf8 31. Qe6 Qd8 32. Be5 Rf7 33. Nd6 Ng5 34. Qc4 Rf8 35. h4 Ngh7 36. Nxb7 Qe7 37. Qd5 Kh6 38. Bf4+ Kg7 39. Qc6 Ng4 40. Rf1 Rxf4 41. Qc3+ Rf6 42. Nc5 Qd6 43. g3 Kf8 44. Re1 Qc6 45. Qd4 Qd6 46. Qc3 g5 47. Ne4 Qb6+ 48. Nc5 gxh4 49. Rd1 Ng5 50. Rd3 Nh3+ 51. Kg2 Rf2+ 0-1

[Event "VIE-ch (Women)"]
[Site "Ho Chi Minh City"]
[Date "2021.03.26"]
[Round "4"]
[White "Dang, Le Xuan Hien"]
[Black "Luong, Hoang Tu Linh"]
[Result "1/2-1/2"]
[WhiteElo "1340"]
[BlackElo "1799"]
[PlyCount "108"]
[EventDate "2021.03.24"]
[EventType "swiss"]
[EventRounds "9"]
[EventCountry "VIE"]
[SourceTitle "EXT 2022"]
[Source "ChessBase"]
[SourceDate "2021.10.06"]
[SourceVersion "1"]
[SourceVersionDate "2021.10.06"]
[SourceQuality "1"]

1. d4 Nf6 2. c4 e6 3. Nc3 b6 4. e4 d6 5. f4 Bb7 6. Bd3 Be7 7. Nf3 c5 8. d5 exd5 9. cxd5 Nbd7 10. 0-0 0-0 11. Bc2 Qc7 12. Re1 c4 13. Nd4 Rfe8 14. Be3 a6 15. a4 Bf8 16. g4 Nc5 17. Bf2 g6 18. Qf3 Bg7 19. Rad1 Bc8 20. h3 Bd7 21. Bg3 h5 22. f5 Nh7 23. h4 Nd3 24. Bxd3 Bxd4+ 25. Kh2 hxg4 26. Qxg4 cxd3 27. Rxd3 Be5 28. Bxe5 Rxe5 29. h5 g5 30. Rg1 Kh8 31. h6 Qd8 32. Qh5 Qf6 33. Rg4 Rae8 34. Rgg3 b5 35. axb5 axb5 36. b4 Rc8 37. Rd2 Re7 38. Qf3 Qxh6+ 39. Rh3 g4 40. Rxh6 gxf3 41. Rd3 Kg7 42. Rxd6 Nf6 43. Rxf3 Ng4+ 44. Kh3 Rxc3 45. Rxc3 Nf2+ 46. Kh4 Nxe4 47. f6+ Nxf6 48. Rg3+ Ng4 49. Rxd7 Rxd7 50. Rxg4+ Kf6 51. Rg5 Rc7 52. d6 Rc4+ 53. Kh5 Rd4 54. Rxb5 Rxd6 1/2-1/2

[Event "VIE-ch (Women)"]
[Site "Ho Chi Minh City"]
[Date "2021.03.25"]
[Round "2"]
[White "Dang, Le Xuan Hien"]
[Black "Kieu, Bich Thuy"]
[Result "0-1"]
[WhiteElo "1340"]
[BlackElo "1953"]
[PlyCount "58"]
[EventDate "2021.03.24"]
[EventType "swiss"]
[EventRounds "9"]
[EventCountry "VIE"]
[SourceTitle "EXT 2022"]
[Source "ChessBase"]
[SourceDate "2021.10.06"]
[SourceVersion "1"]
[SourceVersionDate "2021.10.06"]
[SourceQuality "1"]

1. d4 Nf6 2. c4 g6 3. Nc3 Bg7 4. e4 d6 5. h3 0-0 6. Nf3 e5 7. d5 a5 8. Be3 Na6 9. g4 Nc5 10. Nd2 Bd7 11. Be2 Ne8 12. h4 f5 13. gxf5 gxf5 14. Qc2 f4 15. Bxc5 dxc5 16. 0-0-0 Kh8 17. Rdg1 Ra6 18. h5 Rh6 19. Qd1 Nf6 20. Rg5 Nxd5 21. Rg2 Nxc3 22. bxc3 Be8 23. Qg1 Rg8 24. Nf3 Bxh5 25. Rxh5 Rxh5 26. Ng5 Rxg5 27. Rxg5 f3 28. Rxg7 Rxg7 29. Qd1 Qg5+ 0-1

[Event "VIE-ch op (Women)"]
[Site "Hanoi"]
[Date "2020.11.23"]
[Round "2"]
[White "Tran, Thi Mong Thu"]
[Black "Dang, Le Xuan Hien"]
[Result "1-0"]
[WhiteElo "2296"]
[BlackElo "2289"]
[PlyCount "89"]
[EventDate "2020.11.23"]
[EventType "swiss"]
[EventRounds "9"]
[EventCountry "VIE"]
[SourceTitle "CBM 199 Extra"]
[Source "ChessBase"]
[SourceDate "2021.01.31"]
[SourceVersion "1"]
[SourceVersionDate "2021.01.31"]
[SourceQuality "1"]

1. e4 c5 2. Nf3 d6 3. d4 cxd4 4. Nxd4 Nf6 5. Nc3 a6 6. Bg5 Nbd7 7. Be2 b5 8. Nd5 Bb7 9. Bxf6 Nxf6 10. Nxf6+ gxf6 11. Qd3 Rg8 12. g3 e6 13. 0-0-0 Rc8 14. Rhe1 Be7 15. Qb3 Qd7 16. f4 Rc5 17. f5 e5 18. Bh5 Rc4 19. Nf3 Rf8 20. Nd2 Rc7 21. Nb1 a5 22. Nc3 Rc5 23. Nd5 a4 24. Qb4 Bxd5 25. Rxd5 Rxd5 26. exd5 Bd8 27. Be2 Ke7 28. Qxb5 Qxf5 29. Qxa4 Bb6 30. Rf1 Qg5+ 31. Kb1 Qd2 32. Bg4 Rd8 33. Qc6 Qa5 34. a3 Qa7 35. Rf3 Be3 36. Bf5 h6 37. Bd3 Rb8 38. Rxe3 Qxe3 39. Qc7+ Kf8 40. Qxb8+ Kg7 41. Qxd6 e4 42. Bc4 Qe1+ 43. Ka2 e3 44. Qe7 Qd2 45. Kb3 1-0

[Event "VIE-ch U11 Girls"]
[Site "Hanoi"]
[Date "2020.??.??"]
[Round "6"]
[White "Dang, Le Xuan Hien"]
[Black "Quan, My Linh"]
[Result "1-0"]
[WhiteElo "1340"]
[BlackElo "1072"]
[PlyCount "117"]
[EventDate "2020.10.22"]
[EventType "tourn"]
[EventRounds "7"]
[EventCountry "VIE"]
[SourceTitle "EXT 2022"]
[Source "ChessBase"]
[SourceDate "2021.10.06"]
[SourceVersion "1"]
[SourceVersionDate "2021.10.06"]
[SourceQuality "1"]

1. d4 Nf6 2. c4 e6 3. Nf3 b6 4. g3 Bb7 5. Bg2 Be7 6. 0-0 0-0 7. Nc3 d6 8. Qc2 d5 9. cxd5 exd5 10. Nh4 g6 11. Bh6 Re8 12. h3 Bf8 13. Bf4 Nbd7 14. Nb5 Ba6 15. a4 Bd6 16. Bxd6 cxd6 17. Rfe1 Bxb5 18. axb5 Rc8 19. Qb3 Ne4 20. Qxd5 Ndf6 21. Qb3 Rc7 22. Rec1 Rce7 23. Rc2 d5 24. Nf3 Rc7 25. Rac1 Ree7 26. Ne5 Rxc2 27. Rxc2 Rc7 28. Bxe4 dxe4 29. Rxc7 Qxc7 30. Qc3 Nd5 31. Qc6 Qxc6 32. Nxc6 f5 33. Kf1 Kf7 34. Ke1 Ke6 35. Kd2 Kd6 36. Nxa7 Kc7 37. Kc2 Kd7 38. Nc6 Kd6 39. e3 Nc7 40. Na7 Nd5 41. Kb3 g5 42. Nc8+ Ke6 43. Kc4 h5 44. Nxb6 Nxb6+ 45. Kc5 Nc8 46. Kc6 Ne7+ 47. Kb7 Kd6 48. b6 Kd7 49. Ka8 Nc6 50. b7 Kc7 51. d5 Nb8 52. d6+ Kxd6 53. Kxb8 Kc6 54. Kc8 Kb6 55. b8Q+ Ka6 56. Kc7 Ka5 57. Kc6 Ka4 58. Kc5 Ka5 59. Qb5# 1-0

[Event "VIE-ch U11 Girls"]
[Site "Hanoi"]
[Date "2020.??.??"]
[Round "2"]
[White "Mai, Hieu Linh"]
[Black "Dang, Le Xuan Hien"]
[Result "0-1"]
[WhiteElo "1451"]
[BlackElo "1340"]
[PlyCount "106"]
[EventDate "2020.10.22"]
[EventType "tourn"]
[EventRounds "7"]
[EventCountry "VIE"]
[SourceTitle "EXT 2022"]
[Source "ChessBase"]
[SourceDate "2021.10.06"]
[SourceVersion "1"]
[SourceVersionDate "2021.10.06"]
[SourceQuality "1"]

1. e4 c5 2. Nc3 d6 3. g3 Nc6 4. Bg2 g6 5. d3 Bg7 6. Be3 Rb8 7. Qd2 b5 8. Nd1 b4 9. Ne2 Nd4 10. Nc1 e6 11. c3 bxc3 12. bxc3 Nc6 13. d4 cxd4 14. cxd4 Qa5 15. Nc3 Nge7 16. 0-0 Ba6 17. Nb3 Qd8 18. Rfc1 Qd7 19. Rab1 0-0 20. f4 Nc8 21. d5 exd5 22. Nxd5 Rd8 23. Nd4 Rxb1 24. Rxb1 N8e7 25. Nxe7+ Nxe7 26. Qa5 Bc4 27. Rb7 Qxb7 28. Qxd8+ Bf8 29. h4 Qb1+ 30. Kh2 Qxa2 31. Kh3 Qa3 32. Nc2 Qd3 33. f5 gxf5 34. Bh6 Ng6 35. h5 Qe2 36. hxg6 Qh5+ 37. Qh4 Qxh4+ 38. Kxh4 Bxh6 39. gxf7+ Kxf7 40. exf5 Bd3 41. Nd4 Be3 42. Nc6 Bxf5 43. g4 Bd7 44. Na5 Kf6 45. Kg3 Kg5 46. Be4 h6 47. Kf3 Bc5 48. Nb3 Bxg4+ 49. Kg3 h5 50. Nxc5 dxc5 51. Bd5 h4+ 52. Kf2 Kf4 53. Bc4 a5 0-1

[Event "VIE-chT (Women)"]
[Site "Ho Chi Minh City"]
[Date "2019.10.02"]
[Round "9.22"]
[White "Nguyen, Ha Phuong"]
[Black "Dang, Le Xuan Hien"]
[Result "0-1"]
[WhiteElo "2086"]
[BlackElo "1340"]
[PlyCount "98"]
[EventDate "2019.09.26"]
[EventType "swiss"]
[EventRounds "9"]
[EventCountry "VIE"]
[SourceTitle "EXT 2020"]
[Source "ChessBase"]
[SourceDate "2019.10.17"]
[SourceVersion "1"]
[SourceVersionDate "2019.10.17"]
[SourceQuality "1"]

1. e4 c5 2. Nf3 d6 3. d4 cxd4 4. Nxd4 Nf6 5. Nc3 a6 6. Bg5 Nbd7 7. f4 h6 8. Bh4 Qc7 9. Bd3 Qb6 10. Nb3 Qe3+ 11. Qe2 Qxe2+ 12. Kxe2 e6 13. Rhe1 Be7 14. Bf2 Ng4 15. Bg3 0-0 16. h3 Ngf6 17. Kf1 b5 18. a3 Bb7 19. Na5 Bc8 20. Rad1 Nh5 21. Bh2 Nc5 22. g4 Nf6 23. e5 dxe5 24. fxe5 Nh7 25. Ne4 Nxd3 26. Rxd3 f6 27. Ke2 fxe5 28. Bxe5 Ng5 29. Nxg5 Bxg5 30. Red1 Bh4 31. Bg3 Bf6 32. c3 e5 33. Re3 Re8 34. Kf2 Bd8 35. Nc6 Bb6 36. Nd4 Rf8+ 37. Ke2 exd4 38. cxd4 Bb7 39. Kd3 Bd5 40. Be5 Bc4+ 41. Ke4 Rad8 42. Rg3 Rf2 43. b4 Bd5+ 44. Ke3 Rdf8 45. Rc1 Bc4 46. Ke4 Bd8 47. Rd1 Bg5 48. d5 Re2+ 49. Kd4 Rxe5 0-1